Laying the foundations (Record no. 112953)

MARC details
000 -LEADER
fixed length control field 01805cad a22002295a 4500
001 - CONTROL NUMBER
control field L154369
008 - FIXED-LENGTH DATA ELEMENTS--GENERAL INFORMATION
fixed length control field 111122s2011 xxk f 000 0 eng d
035 ## - SYSTEM CONTROL NUMBER
System control number (Sirsi) u154369
041 0# - LANGUAGE CODE
Language code of text/sound track or separate title eng
100 1# - MAIN ENTRY--PERSONAL NAME
Personal name Cameron, David
245 00 - TITLE STATEMENT
Title Laying the foundations
Remainder of title a housing strategy for England
Medium [electronic resource]
260 ## - PUBLICATION, DISTRIBUTION, ETC.
Place of publication, distribution, etc. London
Name of publisher, distributor, etc. DCLG
Date of publication, distribution, etc. 2011
505 2# - FORMATTED CONTENTS NOTE
Formatted contents note Executive summary -- Housing the need for a new approach -- Increasing supply more homes, stable growth -- Social and affordable housing reforms -- A thriving private rented sector -- Our strategy for empty homes -- Quality of housing experience and support -- Quality sustainability and design -- Action A Action plan -- Action B Policy impact evidence
520 ## - SUMMARY, ETC.
Summary, etc. Sets out a package of reforms to get the housing market moving again, lay the foundations for a more responsive, effective and stable housing market in the future, support choice and quality for tenants and improve environmental standards and design quality. Measures include a new build indemnity scheme led by the Home Builders Federation and Council of Mortgage Lenders to provide up to 95% loan to value mortgages for new build properties in England, backed by a housebuilder indemnity fund. a Growing Places Fund, a Get Britain Building scheme, freeing up public sector land for housebuilding, supporting social and private-rented sectors to improve choice and quality for tenants. tackling empty homes and improving design and sustainability of housing.
590 ## - LOCAL NOTE (RLIN)
Local note KA NTK
650 24 - SUBJECT ADDED ENTRY--TOPICAL TERM
Topical term or geographic name entry element LOCALISM ACT 2011
651 #4 - SUBJECT ADDED ENTRY--GEOGRAPHIC NAME
Geographic name England
Chronological subdivision 886-
690 ## - LOCAL SUBJECT ADDED ENTRY--TOPICAL TERM (OCLC, RLIN)
Topical term or geographic name as entry element PROPERTY-RESIDENTIAL PROPERTY
700 1# - ADDED ENTRY--PERSONAL NAME
Personal name Clegg, Peter
856 40 - ELECTRONIC LOCATION AND ACCESS
Uniform Resource Identifier <a href="https://www.communities.gov.uk/documents/housing/pdf/2033676.pdf">https://www.communities.gov.uk/documents/housing/pdf/2033676.pdf</a>
Public note View the item free of charge at www.communities.gov.uk
942 ## - ADDED ENTRY ELEMENTS (KOHA)
Suppress in OPAC 0
Holdings
Withdrawn status Lost status Source of classification or shelving scheme Damaged status Not for loan Home library Current library Shelving location Date acquired Total Checkouts Full call number Barcode Date last seen Copy number Price effective from Koha item type
    Dewey Decimal Classification     Virtual Virtual Online 22/11/2011   ONLINE PUBLICATION 154369-2001 06/08/2019 1 06/08/2019 Book